McDonalds quiz: Kind of hard - Statistics

General Stats
  • This quiz has been taken 47 times
  • The average score is 4 of 13
Answer Stats
Hint Answer % Correct
Who was the clown mascot of McDonalds? Ronald McDonald
91%
What is the most popular sandwich/burger at McDonalds? The Big Mac
84%
How many arms did Grimace the Purple thing have originally? 4
60%
What is the most popular item on the McDonalds menu? French Fries | Fries
58%
Who was the burglar who stole hamburgers? Hamburglar
37%
Who bought out the McDonalds brothers in 1961? Ray Kroc
37%
When did McDonalds first open? 1940
14%
On a daily basis what is the minimum amount of customers does each franchize McDonalds have? 3000 | 5000 | 4000
9%
Before chicken what did McDonalds use for the McNuggets? Onion
5%
Who is one of the original main antagonists, the pirate captain who stole Filet-O-Fish sandwiches? Captain Crook
2%
What is one of the most iconic Happy Meal toy line? Changeables | Fraggle Rock Cars | McNugget Buddies |Super Mario Bros | Barbies
2%
Who founded McDonalds (two people)? Richard McDonald | Maurice McDonald | McDonalds brothers
2%
Who was the first mascot of McDonalds? Speedee
2%
No matching quizzes found
Score Distribution
Percent of People with Each Score
Percentile by Number Answered
Your Score History
You have not taken this quiz